Introduction to database systems / (Record no. 190814)
[ view plain ]
| 000 -LEADER | |
|---|---|
| fixed length control field | 00716nam a2200229Ia 4500 |
| 005 - DATE AND TIME OF LATEST TRANSACTION | |
| control field | 20220701115445.0 |
| 008 - FIXED-LENGTH DATA ELEMENTS--GENERAL INFORMATION | |
| fixed length control field | 210716s2009 xx 000 0 und d |
| 020 ## - INTERNATIONAL STANDARD BOOK NUMBER | |
| International Standard Book Number | 9788177585568 |
| 040 ## - CATALOGING SOURCE | |
| Transcribing agency | AIMIT LIBRARY |
| 041 ## - LANGUAGE CODE | |
| Language code of text/sound track or separate title | eng |
| 082 ## - DEWEY DECIMAL CLASSIFICATION NUMBER | |
| Classification number | 005.74 |
| Edition number | 8 |
| Item number | DATC |
| 100 ## - MAIN ENTRY--PERSONAL NAME | |
| Personal name | Date, C J. |
| 9 (RLIN) | 46454 |
| 245 ## - TITLE STATEMENT | |
| Title | Introduction to database systems / |
| Statement of responsibility, etc. | By C. J. Date , A. Kannan and S. Swamynathan. |
| 250 ## - EDITION STATEMENT | |
| Edition statement | 8th ed. |
| 260 ## - PUBLICATION, DISTRIBUTION, ETC. | |
| Place of publication, distribution, etc. | New Delhi : |
| Name of publisher, distributor, etc. | Pearson Education , |
| Date of publication, distribution, etc. | 2009 . |
| 300 ## - PHYSICAL DESCRIPTION | |
| Extent | xxxii, 931p. ; |
| Other physical details | PB |
| Dimensions | 23 cm. |
| 650 ## - SUBJECT ADDED ENTRY--TOPICAL TERM | |
| Topical term or geographic name entry element | Database system architecture |
| 9 (RLIN) | 46455 |
| 650 ## - SUBJECT ADDED ENTRY--TOPICAL TERM | |
| Topical term or geographic name entry element | Semantic modeling |
| 9 (RLIN) | 46470 |
| 700 ## - ADDED ENTRY--PERSONAL NAME | |
| Personal name | Kannan, A. |
| 9 (RLIN) | 46471 |
| 700 ## - ADDED ENTRY--PERSONAL NAME | |
| Personal name | Swamynathan, S. |
| 9 (RLIN) | 46472 |
| 942 ## - ADDED ENTRY ELEMENTS (KOHA) | |
| Source of classification or shelving scheme | Dewey Decimal Classification |
| Koha item type | Book |
| Edition | 8th |
| Call number prefix | 005.74 DATC |
| Withdrawn status | Lost status | Source of classification or shelving scheme | Damaged status | Not for loan | Collection code | Home library | Current library | Source of acquisition | Cost, normal purchase price | Inventory number | Total Checkouts | Full call number | Barcode | Date last seen | Cost, replacement price | Price effective from | Koha item type | Date last checked out |
|---|---|---|---|---|---|---|---|---|---|---|---|---|---|---|---|---|---|---|
| Dewey Decimal Classification | MCA | St Aloysius Institute of Management & Information Technology | St Aloysius Institute of Management & Information Technology | Higginbothams Pvt Ltd | 485.00 | Bill no:303; Bill dt:2010-03-05 | 005.74 DATC | MCA09639 | 05/23/2026 | 363.75 | 07/16/2021 | Book | ||||||
| Dewey Decimal Classification | MCA | St Aloysius Institute of Management & Information Technology | St Aloysius Institute of Management & Information Technology | Higginbothams Pvt Ltd | 510.00 | Bill no:743; Bill dt:2010-09-17 | 005.74 DATC | MCA10322 | 05/23/2026 | 382.50 | 07/16/2021 | Book | ||||||
| Dewey Decimal Classification | MCA | St Aloysius Institute of Management & Information Technology | St Aloysius Institute of Management & Information Technology | Higginbothams Pvt Ltd | 510.00 | Bill no:743; Bill dt:2010-09-17 | 2 | 005.74 DATC | MCA10323 | 05/23/2026 | 382.50 | 07/16/2021 | Book | 03/14/2023 | ||||
| Dewey Decimal Classification | MCA | St Aloysius Institute of Management & Information Technology | St Aloysius Institute of Management & Information Technology | Knowledge World | 750.00 | Bill no:1790; Bill dt:2013-12-05 | 2 | 005.74 DATC | MCA13241 | 05/23/2026 | 562.50 | 07/16/2021 | Book | 12/20/2024 |